Lotus 1-2-3

Enregistré dans:
Détails bibliographiques
Auteur principal: Turnovec, František
Format: Livre
Langue:slovaque
Publié: Bratislava Profis 1991
Édition:1. vyd.
Tags: Ajouter un tag
Pas de tags, Soyez le premier à ajouter un tag!

MARC

LEADER 00000nam a2200000 4500
001 c025175
005 20221214101632.2
041 0 |a slo 
044 |a SK 
245 1 0 |a Lotus 1-2-3  |c František Turnovec 
250 |a 1. vyd. 
264 1 |a Bratislava  |b Profis  |c 1991 
300 |a 198 s. 
100 1 |a Turnovec, František